000 00469nam a2200181Ia 4500
005 20250508155354.0
008 008 250505s9999 xx 000 0 hin d
037 _aTextual
040 _aFEDL
_beng
_cFEDL
041 _ahin
_2hin
084 _aFH, CHA
_qFEDL
100 _aCharatai Ismat
_9766926
245 0 _aZiddi
260 _aAllahabad, India
_bNeelabh Prakashan
_c1960
300 _a132p.
942 _cTEXL
_hFH, CHA
999 _c1356333
_d1356333